00396 2200157 4500001002100000008004100021035002000062245003400082100001600116260002800132300002200160020002200182084001400204082000800218990001200226INLIS000000000002808 IND  a0010-0925000155 aSorry I Love YoucFanny Salma aFanny Salma aJakartabEuthaniac2015 a200c(13 x 19 cm) a978-602-1010-77-8 a813 FAN s a813 a0755030